Stratégia zamestnanosti v SR a vo vyspelých európskych krajinách

Problematika trhu práce s dôrazom na nezamestnanosť a prístupy k jej riešeniu. Charakteristika základných problémov trhu práce na Slovensku a priority opatrení z aspektu stimulácie uchádzania sa o prácu a podpory zamestnania a tvorby pracovných miest. Zásady pre politiku zamestnanosti členských štát...

ver descrição completa

Na minha lista:
Detalhes bibliográficos
Autor principal: Rievajová, Eva
Formato: Capítulo de Livro
Idioma:eslovaco
Assuntos:
Tags: Adicionar Tag
Sem tags, seja o primeiro a adicionar uma tag!

MARC

LEADER 00000naa$a2200000$$$4500
001 0021331
005 20240502071411.9
041 0 |a slo 
044 |a SK 
245 1 0 |a Stratégia zamestnanosti v SR a vo vyspelých európskych krajinách  |c Eva Rievajová 
520 |a Problematika trhu práce s dôrazom na nezamestnanosť a prístupy k jej riešeniu. Charakteristika základných problémov trhu práce na Slovensku a priority opatrení z aspektu stimulácie uchádzania sa o prácu a podpory zamestnania a tvorby pracovných miest. Zásady pre politiku zamestnanosti členských štátov EÚ, ktoré majú význam pre oblasť koordinácie politiky zamestnanosti a sú odporúčaním pre vypracovanie národných akčných plánov zamestnanosti. 
610 2 0 |a politika zamestnanosti 
610 2 0 |a Slovensko 
610 2 0 |a Európska únia 
610 2 0 |a trh práce 
610 2 0 |a nezamestnanosť 
610 2 0 |a podpory v nezamestnanosti 
610 2 0 |a krajiny vyspelé 
100 1 |a Rievajová, Eva